The ape and the sushi master : (Record no. 1824)

000 -LEADER
fixed length control field 02531nam a22005297a 4500
001 - CONTROL NUMBER
control field 12082569
003 - CONTROL NUMBER IDENTIFIER
control field OSt
005 - DATE AND TIME OF LATEST TRANSACTION
control field 20210419082540.0
008 - FIXED-LENGTH DATA ELEMENTS--GENERAL INFORMATION
fixed length control field 000627s2001 nyuafg b 001 0 eng
010 ## - LIBRARY OF CONGRESS CONTROL NUMBER
LC control number 00057922
016 7# - NATIONAL BIBLIOGRAPHIC AGENCY CONTROL NUMBER
Record control number 101091428
Source DNLM
020 ## - INTERNATIONAL STANDARD BOOK NUMBER
International Standard Book Number 0465041752 (alk. paper)
020 ## - INTERNATIONAL STANDARD BOOK NUMBER
International Standard Book Number 9780465041756 (alk. paper)
020 ## - INTERNATIONAL STANDARD BOOK NUMBER
International Standard Book Number 0465041760 (pbk.)
020 ## - INTERNATIONAL STANDARD BOOK NUMBER
International Standard Book Number 9780465041763 (pbk.)
035 ## - SYSTEM CONTROL NUMBER
System control number (OCoLC)ocm44579006
035 ## - SYSTEM CONTROL NUMBER
System control number (OCoLC)44579006
040 ## - CATALOGING SOURCE
Original cataloging agency DLC
Transcribing agency DLC
Modifying agency C#P
-- CPA
-- NLM
-- MUQ
-- BAKER
-- NLGGC
-- BTCTA
-- YDXCP
-- ZLI
-- OCLCG
-- DLC
Language of cataloging eng
041 ## - LANGUAGE CODE
Language code of text/sound track or separate title eng
042 ## - AUTHENTICATION CODE
Authentication code pcc
050 00 - LIBRARY OF CONGRESS CALL NUMBER
Classification number QL785
Item number .W126 2001
060 00 - NATIONAL LIBRARY OF MEDICINE CALL NUMBER
Classification number 2001 D-568
060 10 - NATIONAL LIBRARY OF MEDICINE CALL NUMBER
Classification number QL 785
Item number W111a 2001
080 ## - UNIVERSAL DECIMAL CLASSIFICATION NUMBER
Universal Decimal Classification number 59
Item number W-11
082 00 - DEWEY DECIMAL CLASSIFICATION NUMBER
Classification number 156
Edition number 21
084 ## - OTHER CLASSIFICATION NUMBER
Classification number 77.51
Number source bcl
100 1# - MAIN ENTRY--PERSONAL NAME
Personal name Waal, F. B. M. de
Fuller form of name (Frans B. M.),
Dates associated with a name 1948-
245 14 - TITLE STATEMENT
Title The ape and the sushi master :
Remainder of title cultural reflections by a primatologist /
Statement of responsibility, etc. / by: Basic Books
250 ## - EDITION STATEMENT
Edition statement 1st edition
260 ## - PUBLICATION, DISTRIBUTION, ETC.
Place of publication, distribution, etc. New York
Name of publisher, distributor, etc. Basic Books
Date of publication, distribution, etc. c2001.
300 ## - PHYSICAL DESCRIPTION
Extent viii, 433 p., [16] p. of plates
Other physical details ill., music
Dimensions 22 cm.
365 ## - TRADE PRICE
Price amount 26 usd
504 ## - BIBLIOGRAPHY, ETC. NOTE
Bibliography, etc. note Includes bibliographical references (p. 389-405) and index.
505 00 - FORMATTED CONTENTS NOTE
Title Whole animal : childhood talismans and excessive fear of anthropomorphism --
-- Fate of gurus : when silverbacks become stumbling blocks --
-- Bonobos and fig leaves : primate hippies in a Puritan landscape --
-- Animal art : would you hang a Congo on the wall? --
-- Predicting Mount Fuji, and a visit to Koshima, where the monkeys salt their potatoes --
-- Last rubicon : can other animals have culture? --
-- Nutcracker Suite : reliance on culture in nature --
-- Cultural naturals : tea and Tibetan macaques --
-- Apes with self-esteem : Abraham Maslow and the taboo on power --
-- Survival of the kindest : of selfish genes and unselfish dogs --
-- Down with dualism! : two millennia of debate about human goodness.
650 #0 - SUBJECT ADDED ENTRY--TOPICAL TERM
Topical term or geographic name entry element Psychology, Comparative.
650 #0 - SUBJECT ADDED ENTRY--TOPICAL TERM
Topical term or geographic name entry element Zoology
9 (RLIN) 466
650 #0 - SUBJECT ADDED ENTRY--TOPICAL TERM
Topical term or geographic name entry element Animal behavior.
650 #0 - SUBJECT ADDED ENTRY--TOPICAL TERM
Topical term or geographic name entry element Human behavior.
650 12 - SUBJECT ADDED ENTRY--TOPICAL TERM
Topical term or geographic name entry element Psychology, Comparative.
650 22 - SUBJECT ADDED ENTRY--TOPICAL TERM
Topical term or geographic name entry element Behavior, Animal.
650 22 - SUBJECT ADDED ENTRY--TOPICAL TERM
Topical term or geographic name entry element Behavior.
653 ## - INDEX TERM--UNCONTROLLED
Uncontrolled term ზოოლოგია
856 42 - ELECTRONIC LOCATION AND ACCESS
Materials specified Publisher description
Uniform Resource Identifier <a href="http://www.loc.gov/catdir/enhancements/fy0830/00057922-d.html">http://www.loc.gov/catdir/enhancements/fy0830/00057922-d.html</a>
906 ## - LOCAL DATA ELEMENT F, LDF (RLIN)
a 7
b cbc
c orignew
d 1
e ocip
f 20
g y-gencatlg
942 ## - ADDED ENTRY ELEMENTS (KOHA)
Source of classification or shelving scheme
Koha item type Books
Edition 1
Holdings
Withdrawn status Lost status Source of classification or shelving scheme Damaged status Not for loan Permanent location Current location Date acquired Inventory number Total Checkouts Full call number Barcode Date last seen Price effective from Koha item type
          Ken Walker International University Ken Walker International University 03/01/2021 664   59 W-11 664 03/01/2021 03/01/2021 Books

Powered by Koha